| 000 | 00785cab a2200241 4500 | ||
|---|---|---|---|
| 001 | WB2816-32 | ||
| 008 | 090401t1992 xxu||||| |||| 00| 0 eng d | ||
| 035 | _a(Sirsi) u384 | ||
| 041 | _aeng | ||
| 245 | _aHistoric decision on terrace | ||
| 260 | _c1992 | ||
| 350 | _a0 | ||
| 490 |
_aDaily Telegraph _v14 April 1992, 25(1) |
||
| 520 | _aPermission has been granted in an important planning appeal for the conversion of an historic building in Kensington from residential to office use in order to ensure `a firm basis for the building`s future`. | ||
| 650 | _aCROMWELL ROAD | ||
| 650 | _aGRIMLEY J R EVE | ||
| 650 | _aLONDON | ||
| 650 | _aSTANHOPE GARDENS | ||
| 650 | _aTEMPORARY OFFICE CONSENTS | ||
| 690 | _aPLANNING LAW AND PRACTICE | ||
| 942 | _n0 | ||
| 948 | _c04/03/1997 | ||
| 999 |
_c153 _d153 |
||